| 000 | 00384nam a2200133Ia 4500 | ||
|---|---|---|---|
| 005 | 20210429153916.0 | ||
| 008 | 210429s9999 xx 000 0 und d | ||
| 082 | _aMTL-MS BA/BL | ||
| 100 |
_aM.Arshad Bashir _954745 |
||
| 245 | _aSynthesis &Mechanical Properties Evaluation of Epdm Based Ablative Composites | ||
| 260 |
_aISLAMABAD _bSCME _c2009 |
||
| 300 | _a75P | ||
| 942 |
_2ddc _cREF |
||
| 999 |
_c561136 _d561136 |
||